000 00220nam a22000857a 4500
008 160711b xxu||||| |||| 00| 0 eng d
100 _92526
_a Rauf, M.A
245 _aCuban Journel
260 _aN.Y
_b Thomas Y.Crowell Com.
_c1964
999 _c2193
_d2193